<?xml version="1.0" encoding="UTF-8"?><?xml-stylesheet type="text/xsl" href="static/style.xsl"?><OAI-PMH xmlns="http://www.openarchives.org/OAI/2.0/" xmlns:xsi="http://www.w3.org/2001/XMLSchema-instance" xsi:schemaLocation="http://www.openarchives.org/OAI/2.0/ http://www.openarchives.org/OAI/2.0/OAI-PMH.xsd"><responseDate>2026-06-03T05:41:42Z</responseDate><request verb="GetRecord" identifier="oai:riuma.uma.es:10630/5227" metadataPrefix="marc">https://riuma.uma.es/rest/oai/request</request><GetRecord><record><header><identifier>oai:riuma.uma.es:10630/5227</identifier><datestamp>2026-02-03T12:55:30Z</datestamp><setSpec>com_10630_4717</setSpec><setSpec>com_10630_3139</setSpec><setSpec>com_10630_10</setSpec><setSpec>col_10630_5185</setSpec></header><metadata><record xmlns="http://www.loc.gov/MARC21/slim" xmlns:dcterms="http://purl.org/dc/terms/" xmlns:doc="http://www.lyncode.com/xoai" xmlns:xsi="http://www.w3.org/2001/XMLSchema-instance" xsi:schemaLocation="http://www.loc.gov/MARC21/slim http://www.loc.gov/standards/marcxml/schema/MARC21slim.xsd">
   <leader>00925njm 22002777a 4500</leader>
   <datafield ind2=" " ind1=" " tag="042">
      <subfield code="a">dc</subfield>
   </datafield>
   <datafield ind2=" " ind1=" " tag="720">
      <subfield code="a">Frazon Terra, Carolina</subfield>
      <subfield code="e">author</subfield>
   </datafield>
   <datafield ind2=" " ind1=" " tag="260">
      <subfield code="c">2012</subfield>
   </datafield>
   <datafield ind2=" " ind1=" " tag="520">
      <subfield code="a">Este artigo objetiva entender quem são os influenciadores do meio digital, a quem&#xd;
denominamos de usuários-mídia, bem como apresentar opções e sinônimos teóricos&#xd;
desenvolvidos por autores de renome no mundo das mídias sociais e da comunicação digital&#xd;
e relacioná-lo ao formador de opinião on-line. Também visa apresentar como a comunicação&#xd;
organizacional pode tratar tal usuário, identificá-lo e categorizá-lo e mostra números e&#xd;
pesquisas que denotam a importância do usuário comum das mídias sociais que, imbuído do&#xd;
poder de expressão proporcionado pelas redes on-line, consegue voz e ainda convence e&#xd;
influencia seus pares e seguidores com suas opiniões, experiências e vivências.&#xd;
Apresentamos, por fim, a título ilustrativo, uma tabela de como classificar um usuário de&#xd;
internet como influenciador ou não. Todo o artigo baseia-se na metodologia da revisão&#xd;
bibliográfica em conjunto com experiências práticas testadas pela autora no ambiente das&#xd;
mídias sociais.</subfield>
   </datafield>
   <datafield ind1="8" ind2=" " tag="024">
      <subfield code="a">2174- 3681</subfield>
   </datafield>
   <datafield ind1="8" ind2=" " tag="024">
      <subfield code="a">http://hdl.handle.net/10630/5227</subfield>
   </datafield>
   <datafield tag="653" ind2=" " ind1=" ">
      <subfield code="a">Redes sociales</subfield>
   </datafield>
   <datafield tag="653" ind2=" " ind1=" ">
      <subfield code="a">Comunicación en la empresa</subfield>
   </datafield>
   <datafield ind2="0" ind1="0" tag="245">
      <subfield code="a">Como identificar o usuário-mídia, o formador de opinião online no ambiente das mídias sociais</subfield>
   </datafield>
</record>
</metadata></record></GetRecord></OAI-PMH>